Wavelets, fractals and Fourier transforms

Αποθηκεύτηκε σε:
Λεπτομέρειες βιβλιογραφικής εγγραφής
Άλλοι συγγραφείς: Farge, M. (Επιμελητής έκδοσης), Hunt, Julian C. R. (Επιμελητής έκδοσης), Vassilicos, J. C. (Επιμελητής έκδοσης)
Μορφή: Βιβλίο
Γλώσσα:English
Δημοσίευση: Oxford : Clarendon press, c1993.
Σειρά:Institute of Mathematics and its applications conference series ; 43
Θέματα:
Ετικέτες: Προσθήκη ετικέτας
Δεν υπάρχουν, Καταχωρήστε ετικέτα πρώτοι!

MARC

LEADER 00000cam a2200000 i 4500
001 1/851
008 000417s1993 enk| ||| |||| ||eng||
020 |a 019853647X 
035 |l 10059805 
040 |a GR-MyUa  |b gre  |e AACR2 
041 0 |a eng 
082 7 |a 515.2433   |2 (22) 
245 0 0 |a Wavelets, fractals and Fourier transforms /   |c edited by M. Farge, J.C.R. Hunt and J.C. Vassilicos. 
260 |a Oxford :   |b Clarendon press,   |c c1993. 
300 |a xv, 403 σ. :   |b εικ. ;   |c 25 εκ. 
490 1 |a (Institute of Mathematics and its applications conference series ;   |v 43) 
500 |a Based on the proceedings of a conference on Wavelets, fractals, and Fourier transforms: new developments and new applications, organized by the Institute of Mathematics and its Applications and Societe de Mathematiques Appliquees et Industrielles and held at Newnham College, Cambridge in December 1990. 
504 |a Περιλαμβάνει βιβλιογραφικές παραπομπές. 
650 0 0 |a Wavelets (Mathematics)  |x Congresses. 
650 0 0 |a Fractals  |x Congresses. 
650 0 0 |a Fourier transformations  |x Congresses. 
700 1 |a Farge, M.  |e edt 
700 1 |a Hunt, Julian C. R.  |e edt 
700 1 |a Vassilicos, J. C.  |e edt 
830 0 |a Institute of Mathematics and its applications conference series ;  |v 43 
852 |a INST  |b SAMOS  |e 20000417  |h 515.2433 WAV  |p 005300024436  |q 005300024436  |t BK  |y 0 
901 |a BIBL3-2000-2 
922 |a 3ΕΛΗ  |b 200003  |c ΚΠΣ  |d GLORY 
950 |a 116-1998-08-10 
970 |a ΓΕΝΟΥΖΟΥ  |b ΧΡΥΣΑΝΘΗ  |z 2000/05/12